000
00257nam a2200109Ia 4500
008
151001s9999||||xx |||||||||||||| ||und||
100
_a
राहुल
245
_a
दोषी कौन
260
_b
डायमंड
300
_a
190
365
_b
17
999
_c
969786
_d
969783